000 00866nam a2200205 i 4500
001 153555
003 ES-MaACL
005 20230906205300.0
008 930514s1837 sp |||| |bspa d
040 _aCAT
_bspa
_cCAT
_dCCPB
100 1 _aDoris, Charles.
_9126831
245 1 0 _aHistoria de los amores secretos de Napoleón Bonaparte
_b: comprobada con las memorias más auténticas de su servidumbre /
_cpor un Ayuda de cámara ; traducción española.
260 _aAlmería :
_b[s.n.],
_c1837 (
_fImp. de Ortiz)
300 _a194 p. ;
_c16 cm.
530 _aDisponible en formato digital.
594 _aBN-OPALE atribuye la obra a Charles Doris.
600 0 4 _aNapoleón
_bI
_c, Emperador de Francia.
_984910
852 _aES-MaACL
_jR-3194
_xOlim:D-3858
_z- Rust.
856 _uhttp://cataleg.bnc.cat/record=b1248048~S13*spi
_zBiblioteca de Cataluña
999 _c153555
_d153555